| LEADER 00000nama 2200000uu 4500 |
| 001 198841 |
| 003 ULIBM |
| 008 040531s2551 th m m a000 0 tha d |
| 041 tha
|
| 050 วจ. HV 5283.T5 จ626ก 2551.
|
| 100 ^aจุฑาภรณ์ แก้วมงคุณ.
|
| 245 ^aการทบทวนองค์ความรู้และการวิเคราะห์ทิศทางการวิจัย การควบคุมเครื่องดื่มแอลกอฮอล์ ในประเทศไทย พ.ศ.2493-2550. / จุฑาภรณ์ แก้วมุงคุณ...[และคนอื่นๆ].
|
| 260 ^aกรุงเทพฯ. : ^bศูนย์วิจัยปัญหาสุรา,^c2551.
|
| 300 ^a815 หน้า.;^bภาพประกอบ.
|
| 600 ^aศูนย์วิจัยปัญหาสุรา.
|
| 600 00 ^aกรมสุขภาพ กระทรวงสาธารณสุข.
|
| 600 00 ^aสำนักงานกองทุนสนับสนุนการสร้างเสริมสุขภาพ.
|
| 650 ^aเครื่องดื่มที่มีแอลกอฮอล์ - - ^xไทย - - ^xการควบคุม - - ^xวิจัย - - ^xรวมเรื่อง .
|
| 650 0 ^aเครื่องดื่มที่มีแอลกอฮอล์ - - ^xวิจัย - - ^xรวมเรื่อง.
|
| 995 004
|
| 999 ^aใช้งานได้ทุกระบบ
|